|
|
|
|
| LEADER |
00810nam a2200205 u 4500 |
| 001 |
10033100 |
| 003 |
upatras |
| 005 |
20230719112525.0 |
| 008 |
000314s1978 gr gre |
| 040 |
|
|
|a GR-PaULI
|c GR-PaULI
|b gre
|
| 082 |
0 |
4 |
|a 889.34
|
| 100 |
1 |
|
|a Δρακονταειδής, Φίλιππος Δ.,
|d 1940-
|e συγγραφέας
|9 5547
|
| 245 |
1 |
0 |
|a Σχόλια σχετικά με την περίπτωση /
|c Φ. Δ. Δρακονταειδής
|
| 260 |
|
|
|a Αθήνα :
|b Κέδρος,
|c 1978
|
| 300 |
|
|
|a 179 σ.
|c 21 εκ.
|
| 504 |
|
|
|a
|
| 942 |
|
|
|2 ddc
|c BK15
|
| 952 |
|
|
|0 0
|1 0
|2 ddc
|4 0
|6 889_340000000000000_ΔΡΑ
|7 0
|9 207321
|a LISP
|b LISP
|c BSC
|d 2016-11-14
|i 090058
|l 0
|o 889.34 ΔΡΑ
|p 025000151605
|r 2016-11-14 00:00:00
|t 1
|w 2016-11-14
|y BK15
|
| 998 |
|
|
|c ΜΠΟΥΡΑΣ
|d 2016-11
|
| 999 |
|
|
|c 126051
|d 126051
|